01355nab a2200361 a 450000100060000000300080000600500170001400600190003100700150005000800410006502200140010603500210012004000260014105000200016708000080018708200150019524501680021026000510037830000140042931000140044336200200045753301640047765000410064165000430068265000420072565000450076765500320081270000290084471000190087383000220089285600620091499900170097623443FlNmELB20241216214103.0m o d | cr cn|||||||||130205r2007 mx |||||s|||||||||||spa d a1405-0471 a(OCoLC)955466651 aFlNmELBbspacFlNmELB 4aSD1bD4795 2007 a63004a634.9822200aDeterminación de ecuaciones alométricas para estimar biomasa y carbono en Pinus patula Schl. et Chamh[recurso electronico]cRosalino Díaz Franco . [et al.]. aXalapa :bInstituto de Ecología A.C.,c2007. a25-34 pp. aSemestral0 aVol. 13, No. 1- aRecurso electrónico. Santa Fe, Arg.: e-libro, 2015. Disponible vía World Wide Web. El acceso puede estar limitado para las bibliotecas afiliadas a e-libro. 4aTechnology.xAgriculture.xForestry. 4aTecnología.xAgricultura.xForestal. 4aMathematics.xDifferential equations. 4aMatemática.xEcuaciones diferenciales. 4aArtículos electrónicos.1 aDíaz Franco, Rosalino.2 ae-libro, Corp. 0aMadera y Bosques.40uhttps://elibro.net/ereader/politecnicointernacional/18395 c23443d23443